| 000 | 033540000a22004090004500 | ||
|---|---|---|---|
| 008 | 081031t xxu||||| |||| 00| 0 eng d | ||
| 010 | _aENG-84392-406 | ||
| 020 | _a813130132X | ||
| 020 | _c9500.00(Set of 15v.) (hb) | ||
| 035 | _aEN-67925-939 | ||
| 082 | _a370.3 | ||
| 100 | _aMishra, R C | ||
| 245 |
_aInternational encyclopaedia of education / _cby R C Mishra, Promila Sharma and Harish Bansal |
||
| 260 |
_aNew Delhi _bA P H Publishing |
||
| 260 | _c2007 | ||
| 300 |
_a15v.(240p;,338p.; 348p.; 338p.; 336p.; 310p.; 314p.; 323p.; 308p.; 297p.; 295p.; 272p.; 319p.; 283p.; 285p.)) _c22cm |
||
| 500 | _aIncludes bibliographical references and index | ||
| 505 | _av.1 | ||
| 700 |
_aBansal, Harish _cjt auth |
||
| 700 |
_aSharma, Promila _cjt auth |
||
| 942 |
_2ddc _cEN _h370.3 _mMIS |
||
| 999 |
_c17726 _d17726 |
||